zpět

Detail výsledku týmu

Na Tahu , Olomouc

Datum a čas kvízu

37 Celkem bodů Celkový počet nahraných bodů na tomto kvízu bez doplňovacích otázek.
3. Pořadí na kvízu Konečné umístění týmu na tomto kvízu.

Zaznamenané odpovědi

# Otázka Odpověď Body Výsledky
1. Bývalá první dáma oslavila v ú... Ivana Zemanová, 60 0.5
2. Ve vysílání maďarské státní te... Bratislavský hrad 1
3. Režisér Karel Janák minulý týd... Snowboarďáci 1
4. Skupina Seyfor vedená Martinem... Dotykačka 1
5. Minulý týden plnil stránky spo... Andrej Kollár 0
6. Podíváme se na několik známých... Cheops / Chufu (Chufev) 1
7. V Egyptě ještě chvíli zůstanem... Hatšepsut (Hatšepsovet) 1
8. Jak se nazývá tento pantheon –... Slavín 1
9. Tento hřbitov je situován při... Arlingtonský 0
10. V poslední otázce tématu se po... Jenny Gump 1